• 首页
  • 本馆介绍
  • 公告通知
  • 最新文献
  • 馆藏检索
  • 电子资源
  • 读者导购
  • 参考咨询
  • 我的图书馆
  • 登录
  • 详细信息显示
  • 放入我的书架
  • 预约/预借图书
  • 作者相关作品
  • 分类相关作品
  • 丛书相关作品
  • 出版社相关作品

书目信息

  • 表格格式
  • 工作单格式
  • 卡片格式
题名:
贝叶斯计量经济学
    
 
作者: 库普 著 ;徐占东 译
分册:  
出版信息: 大连   东北财经大学出版社  2020.12
页数: 271页
开本: 26cm
丛书名: DSGE经典译丛
单 册:
中图分类: O212.8
科图分类:
主题词: 贝叶斯统计量--bei ye si tong ji liang--计量经济学
电子资源:
ISBN: 978-7-5654-3934-6
000 01213oam2 2200313 450
001 2161464000
005 20210930094236.0
010    @a978-7-5654-3934-6@dCNY56.00
100    @a20210208d2020 em y0chiy0120 ea
101 1  @achi@ceng
102    @aCN@b210000
105    @aa z 000yy
106    @ar
200 1  @a贝叶斯计量经济学@Abei ye si ji liang jing ji xue@dBayesian econometrics@f(英)加里·库普(Gary Koop)著@g徐占东译@zeng
210    @a大连@c东北财经大学出版社@d2020.12
215    @a271页@c图@d26cm
225 2  @aDSGE经典译丛@ADSGEjing dian yi cong
225 2  @a当代财经管理名著译库@Adang dai cai jing guan li ming zhu yi ku
305    @a由约翰·威立父子有限公司授权出版
330    @a本书向读者介绍了贝叶斯方法在计量经济学的运用。该书内容包括:贝叶斯计量经济学概述;正态线性回归模型:自然共轭先验分布和单一解释变量情形等。
461  0 @12001 @aDSGE经典译丛
461  0 @12001 @a当代财经管理名著译库
510 1  @aBayesian econometrics@zeng
606 0  @a贝叶斯统计量@Abei ye si tong ji liang@x计量经济学
690    @aO212.8@v5
701  0 @c(英)@a库普@Aku pu@c(Koop, Gary)@4著
702  0 @a徐占东@Axu zhan dong@4译
801  0 @aCN@b百万庄@c20210929
905    @b1302858-861@dO212.8@e160@f4
    
    贝叶斯计量经济学=Bayesian econometrics/(英)加里·库普(Gary Koop)著/徐占东译.-大连:东北财经大学出版社,2020.12
    271页:图;26cm.-(DSGE经典译丛).-(当代财经管理名著译库)
    
    
    ISBN 978-7-5654-3934-6:CNY56.00
    本书向读者介绍了贝叶斯方法在计量经济学的运用。该书内容包括:贝叶斯计量经济学概述;正态线性回归模型:自然共轭先验分布和单一解释变量情形等。
●
相关链接 在E读中查询图书 在五车中查询图书 在当当中查询图书 在豆瓣中查询图书


正题名:贝叶斯计量经济学     索取号:O212.8/160         预约/预借

序号 登录号 条形码 馆藏地/架位号 状态 备注
1 1302858   213028588   第二样本阅览室/ [索取号:O212.8/160] 在馆    
2 1302859   213028597   第三借阅区/ [索取号:O212.8/160] 在馆    
3 1302860   213028604   第三借阅区/ [索取号:O212.8/160] 在馆    
4 1302861   213028613   第三借阅区/ [索取号:O212.8/160] 在馆    
唐山师范学院图书馆 欢迎您!
大连网信软件有限公司© 版权所有